000 00291nam a22001337a 4500
008 170925b xxu||||| |||| 00| 0 eng d
020 _a9781567505504
041 _aeng
080 _a37
100 _a46
101 _aEDU
245 _aRELATIVE OUTSIDER
_cWALLACE.K.R
942 _2udc
_cBK
999 _c29495
_d29495